Statystyki dla 15 największych miast w województwie pomorskim

Kliknij tutaj aby rozwiązać quiz!

Ogólne statystyki

  • Ten quiz został rozwiązany 52 razy
  • Średni wynik to 11 z 15

Statystyki odpowiedzi

MieszkańcyMiasto% Poprawnych
470 633Gdańsk
100%
244 104Gdynia
100%
35 049Sopot
90%
89 180Słupsk
84%
37 898Malbork
82%
59 105Tczew
82%
49 672Rumia
73%
48 735Wejherowo
71%
38 179Kwidzyn
69%
47 037Starogard Gdański
69%
39 484Chojnice
67%
31 822Pruszcz Gdański
67%
26 838Reda
67%
34 977Lębork
61%
23 698Kościerzyna
59%

Rozkład punktacji

Percentyl według liczby udzielonych odpowiedzi

Procent ludzi z każdym wynikiem

Twoja historia wyników

Nie rozwiązałeś tego quizu